Objects of the Solar System by picture - Statistics

General Stats
  • This quiz has been taken 13 times
  • The average score is 10 of 16
Answer Stats
Picture Answer % Correct
Mars
100%
Moon
100%
Pluto
92%
Saturn
92%
Uranus
92%
Venus
85%
Io
77%
Halley's Comet
69%
Titan
62%
Ceres
46%
Haumea
46%
Phobos
46%
Enceladus
38%
Mimas
38%
Iapetus
31%
Hyperion
23%
No matching quizzes found
Score Distribution
Percent of People with Each Score
Percentile by Number Answered
Your Score History
You have not taken this quiz